Bilecik Bilecik Bilecik Bilecik Bilecik

Ağaçlar ve şirketler/ (Record no. 39236)

MARC details
000 -BAŞLIK
Sabit Uzunluktaki Kontrol Alanı 02743nam a22003377a 4500
001 - KONTROL NUMARASI
Control Dosyası 0039358
003 - KONTROL NUMARASI KİMLİĞİ
Kontrol Alanı KOHA_MİRAKIL
005 - EN SON İŞLEM TARİHİ ve ZAMANI
Kontrol Alanı 20260207003127.0
007 - FİZİKSEL TANIM SABİT ALAN - GENEL BİLGİ
Sabit uzunluklu kontrol alanı ta
008 - SABİT UZUNLUKTAKİ VERİ ÖGELERİ - GENEL BİLGİ
Sabit Alan 130116b2012 tu a|||gr||||#||||0|tur |
020 ## - ISBN - ULUSLARARASI STANDART KİTAP NUMARASI
Isbn 9789756303139
040 ## - KATALOGLAMA KAYNAĞI
Özgün Kataloglama Kurumu TR-BiSEU
Kataloglama Dili tur
Çeviri Kurumu TR-BiSEU
Açıklama Kuralları rda
041 0# - DİL KODU
Metin ya da ses kaydının dil kodu tur
044 ## - YAYINLAYAN/ÜRETEN KURULUŞUN ÜLKE KODU
ISO country code tu
050 ## - SINIFLAMA ve YER NUMARASI
Sınıflama Numarası HF5718
Yer Numarası .B39 2012
100 1# - KİŞİ ADI
Yazar Adı (Kişi adı) Bayraktar, Osman.
245 1# - ESER ADI BİLDİRİMİ
Başlık Ağaçlar ve şirketler/
Sorumluluk Bildirimi Osman Bayraktar ; Osman Bayraktar.
264 #1 - ÜRERİM, YAYIN, DAĞITIM ve TELİF BİLDİRİMİ
Yayın yeri İstanbul :
Yayınlayan İGİAD Yayınları
Yayın tarihi 2012
300 ## - FİZİKSEL TANIMLAMA
Sayfa, Cilt vb. 198 sayfa :
Diğer fiziki detaylar resimli ;
Boyutları 21 cm.
336 ## - İÇERİK TÜRÜ
Content type term metin
Content type code txt
Source rdacontent
337 ## - MEDYA TÜRÜ
Media type term aracısız
Media type code n
Source rdamedia
338 ## - TAŞIYICI TÜRÜ
Carrier type term cilt
Carrier type code nc
Source rdacarrier
490 1# - DİZİ BİLDİRİMİ
Dizi Bildirimi İGİAD Yayınları ;
Cilt Numarası 13.
490 1# - DİZİ BİLDİRİMİ
Dizi Bildirimi Girişim Kitaplığı ;
Cilt Numarası 6.
505 ## - İÇİNDEKİLER NOTU
İçindekiler Notu Sunuş Yerine, Yaşayan Bilgi...7
650 #0 - KONU BAŞLIĞI EK GİRİŞ - KONU TERİMİ
Konusal terim veya coğrafi ad Economics.
9 (RLIN) 7142
650 #0 - KONU BAŞLIĞI EK GİRİŞ - KONU TERİMİ
Konusal terim veya coğrafi ad Ekonomi.
9 (RLIN) 3230
830 1# - SERİ EK GİRİŞİ - TEKBİÇİM ESER ADI
Tekbiçim Başlık İGİAD Yayınları ;
Volume number/sequential designation 13.
9 (RLIN) 26711
830 1# - SERİ EK GİRİŞİ - TEKBİÇİM ESER ADI
Tekbiçim Başlık Girişim Kitaplığı ;
Volume number/sequential designation 6.
9 (RLIN) 26712
942 ## - EK GİRİŞ ÖGELERİ (KOHA)
Source of classification or shelving scheme Library of Congress Classification
Koha item type Book
505 ## - İÇİNDEKİLER NOTU
-- HAYAT İÇİN ÖĞRENMEK
-- Kerem'in Düşleri...11
-- Bedeli Ödenmiş Bir Hayattan Daha Değerli Ne Olabilir...15
-- Her Şey On Para...19
-- Olumluyu Öncelemek...23
-- Meslek Dışı İlgiler...27
-- Karpuz Kabuklarından Hayatın Anlamına Tutunmak...31
-- Hayat İçin Öğrenmek...34
-- Kişisel Gelişim ve Fast Food Kültürü...39
-- PERFORMANSI ORTAYA ÇIKARAN KOŞULLAR
-- Örgütsel Performansın İlişkiler Boyutu...45
-- Şirketler Değer Yaratan İlişkiler...49
-- Performansın İçsel Boyutu...53
-- Davranışlarda Sergilenen Şirket Kültürü...57
-- Neyi Değiştirelim, Neyi Koruyalım?...61
-- Yeni Şartlar Yeni Sorumluluklar...65
-- Şimdi Caz Yapma Zamanı...69
-- Neyzen Aziz Dedenin Notaları...73
-- Hazır Reçete Çözümler...77
-- Eşleşmeyen Zamanlar Eşleşmeyen Sistemler...81
-- SAHNENİN ÖNÜ VE ARKASI
-- Kendini Savunan Yapılar...89
-- Tükenmişlik...93
-- Bilgi ve Bilgelik...97
-- Yol, Yolculuk ve Yol Gösterici...101
-- Düğüm Çözüp Bağlama Uzmanları...105
-- Sahnenin Önü Ve Arkası...109
-- Aile Şirketlerinin Ömrü...113
-- Aile Şirketlerini Yaşatmada Finlandiya Modeli...117
-- Parlak Bir Kariyer Hikayesi...121
-- İNSANIN YILDIZIN PARLATAN YETKİNLİKLER
-- Yıldızın Parladığı/Söndüğü Anlar...127
-- Bir Ağır Ceza Reisinin Davranışsal Yetkinlikleri...131
-- Olimpiyat Dersleri....135
-- Moskova'ya Yakma Cesareti...139
-- GÜNÜN AYNASININ YANSIYANLAR
-- Teamül...145
-- Tatil...149
-- Ankara'da Olmanın Zorluğu...153
-- Adam/Saat Eğitim Ne İfade Eder?...157
-- Beyaz Çizgiler Üstünde Plastik Engeller...161
-- Küçük Ekonomiler...165
-- TABİAT KİTABINDAN DERSLER
-- Tabiat Kitabından Dersler...171
-- Ağaçlar ve Şirketler...175
-- Ormanı Park Haline Getirmek...179
-- BİR RESMİ BÜTÜNLEMEK
-- Bir resmi bütünlemek...185
Holdings
Materyal Türü Kalıcı Konum Mevcut Konum Raf Yeri Sınıflandırma Kaynağı Edinim Bilgisi Ana Konular Alt Konular Yer Numarası Demirbaş Numarası Fatura Tarihi Geri Çekilme Durumu Kayıp Durumu Hasarlı Durumu Kredi için değil Kayıt Tarih Toplam Ödünçverme Son Görülme Tarihi Son Kontrol Tarihi Genel / Bağış Notu
Book Prof. Dr. Azmi Özcan Kütüphanesi Prof. Dr. Azmi Özcan Kütüphanesi Uluğbey Salonu Library of Congress Classification Bağış SOSYAL BİLİMLER Ticaret HF5718 .B39 2012 0039358 02/02/2026         16/01/2013 3 05/12/2024 05/12/2024 Genel Bağış